000 00586nam a2200229Ia 4500
999 _c20583
_d20583
003 0100
005 20170511101248.0
008 130303s9999 xx 000 0 und d
020 _a0852550693
040 _cARRUPELIB
050 _aDT433.557.B47 1990
100 _aBerman, Bruce
_930792
245 _aControl and crisis in Colonial Kenya
245 _bthe dialectic of domination
260 _bEast African Educationsl Publishers
_aNairobi
_c1990
300 _a479p.
300 _b 21cm
650 _aKenya, History
_930793
942 0 0 _01
_2lcc
_cMONOGRAPH